Old Testament introduction. 1: (Record no. 13353)
[ view plain ]
| 000 -LEADER | |
|---|---|
| fixed length control field | 00798nam a22002057a 4500 |
| 001 - CONTROL NUMBER | |
| control field | 13353 |
| 005 - DATE AND TIME OF LATEST TRANSACTION | |
| control field | 20250929092122.0 |
| 008 - FIXED-LENGTH DATA ELEMENTS--GENERAL INFORMATION | |
| fixed length control field | 250929b |||||||| |||| 00| 0 eng d |
| 020 ## - INTERNATIONAL STANDARD BOOK NUMBER | |
| International Standard Book Number | 9780281044726 |
| 040 ## - CATALOGING SOURCE | |
| Original cataloging agency | BSULIB |
| 082 ## - DEWEY DECIMAL CLASSIFICATION NUMBER | |
| Classification number | 221.9 |
| Item number | HIN |
| 100 ## - MAIN ENTRY--PERSONAL NAME | |
| Personal name | Hinson, David F. |
| 9 (RLIN) | 25948 |
| 245 ## - TITLE STATEMENT | |
| Title | Old Testament introduction. 1: |
| Remainder of title | History of Israel/ |
| Statement of responsibility, etc | David F. Hinson. |
| 250 ## - EDITION STATEMENT | |
| Edition statement | Revised Ed. |
| 260 ## - PUBLICATION, DISTRIBUTION, ETC. (IMPRINT) | |
| Place of publication, distribution, etc | London : |
| Name of publisher, distributor, etc | SPCK |
| Date of publication, distribution, etc | 1990. |
| 300 ## - PHYSICAL DESCRIPTION | |
| Extent | xvi, 237 p. |
| Other physical details | ill., maps ; |
| Dimensions | 22 cm. |
| 521 ## - TARGET AUDIENCE NOTE | |
| Target audience note | --Introduction --The Patriarchs --The Exodus --The twelve tribes --The First Kings --The Two kingdoms --The Assyrian Empire --The Babylonian Empire --The Persian Empire --The Greek Empire --The Roman Empire |
| 650 ## - SUBJECT ADDED ENTRY--TOPICAL TERM | |
| Source of heading or term | Bible Old Testament -- Criticism, interpretation |
| 942 ## - ADDED ENTRY ELEMENTS (KOHA) | |
| Source of classification or shelving scheme | Dewey Decimal Classification |
| Item type | Books |
| Withdrawn status | Lost status | Source of classification or shelving scheme | Damaged status | Not for loan | Home library | Current library | Shelving location | Date acquired | Source of acquisition | Inventory number | Total Checkouts | Full call number | Barcode | Date last seen | Copy number | Price effective from | Koha item type | Public note |
|---|---|---|---|---|---|---|---|---|---|---|---|---|---|---|---|---|---|---|
| Dewey Decimal Classification | Main Library | Main Library | Reserve Book Section | 12/09/2011 | Purchase | 25170 | 221.9 HIN | bsu25090481 | 29/09/2025 | 001 | 29/09/2025 | Books | Material available in hard copy |